000 00618nam a2200241Ia 4500
003 OSt
005 20220918180803.0
006 a|||||r|||| 00| 0
007 ta
008 220917b |||||||| |||| 00| 0 eng d
024 _a24,116
037 _cTextual
040 _aARTS
_cARTS
_beng
041 _2eng
_aeng
082 _aO111,6:g, M7
100 _aUsmani Z A
_957071
245 0 _aShakespearean and other essays
260 _aMeerut
_bShalabh
_c1987
300 _a248p.
_ccm.
650 _aENGLISH LITERATURE
942 _hO111,6:g, M7
_cTEXL
_2CC
999 _c163104
_d163104